[Event "LSS No Engine Cup 25 Preliminary 1"]
[Site "LSS email"]
[Date "2010.07.22"]
[Round "?"]
[White "Oliveira, Diogo Luiz"]
[Black "Kis Kos, Laszlo"]
[Result "1-0"]
[WhiteElo "1999"]
[BlackElo "1241"]
[PlyCount "33"]
[EventDate "2010.07.23"]
[EventType "tourn (corr)"]
[EventRounds "6"]
[EventCountry "GER"]
[SourceTitle "Corr 2013"]
[Source "ChessBase"]
[SourceDate "2012.11.12"]
[SourceVersion "1"]
[SourceVersionDate "2012.11.12"]
[SourceQuality "1"]

1. e4 e5 2. Nf3 Nc6 3. Bb5 a6 4. Ba4 Nf6 5. 0-0 Be7 6. Re1 b5 7. Bb3 0-0 8. c3 d6 9. h3 Nb8 10. d4 Nbd7 11. Nbd2 Bb7 12. Bc2 Re8 13. Nf1 Bf8 14. Ng3 g6 15. a4 Bg7 16. d5 Qb8 17. b3 1-0

[Event "LSS RC-2010-0-00048"]
[Site "LSS email"]
[Date "2010.07.10"]
[Round "?"]
[White "Kis Kos, Laszlo"]
[Black "Morcin, Tom"]
[Result "0-1"]
[WhiteElo "1617"]
[BlackElo "1781"]
[PlyCount "62"]
[EventDate "2010.04.06"]
[EventType "tourn (corr)"]
[EventRounds "6"]
[EventCountry "GER"]
[SourceTitle "Telechess CBM 141"]
[Source "ChessBase"]
[SourceDate "2011.03.17"]
[SourceVersion "1"]
[SourceVersionDate "2011.03.17"]
[SourceQuality "1"]

1. e4 e6 2. d4 d5 3. Nc3 Nf6 4. Bg5 h6 5. Bxf6 Qxf6 6. exd5 Bb4 7. Bb5+ c6 8. dxc6 bxc6 9. Be2 0-0 10. Nf3 Nd7 11. 0-0 Rb8 12. a3 Be7 13. Rb1 Rd8 14. Bd3 Qf4 15. Qe2 a5 16. Rfd1 Qc7 17. Ne5 Nxe5 18. dxe5 Bb7 19. Qe4 g6 20. Qe3 c5 21. Bb5 Ba8 22. a4 Rd4 23. Rxd4 cxd4 24. Qxd4 Rd8 25. Qf4 Bg5 26. Qg3 Rd4 27. Bd3 Bf4 28. Qh3 Qxe5 29. Ne2 Rxa4 30. Nxf4 Qxf4 31. Qe3 Qxe3 0-1

[Event "FICGS W-ch st1 g17 email"]
[Site "FICGS email"]
[Date "2010.07.02"]
[Round "1"]
[White "Kis Kos, Laszlo"]
[Black "Timkin, Nikolay"]
[Result "0-1"]
[WhiteElo "1653"]
[BlackElo "1871"]
[PlyCount "32"]
[EventDate "2010.??.??"]
[EventType "tourn (corr)"]
[EventRounds "6"]
[SourceTitle "Corr 2013"]
[Source "ChessBase"]
[SourceDate "2012.11.12"]
[SourceVersion "1"]
[SourceVersionDate "2012.11.12"]
[SourceQuality "1"]

1. e4 c5 2. Nf3 Nc6 3. d4 cxd4 4. Nxd4 g6 5. Nc3 Bg7 6. Be3 Nf6 7. f3 d6 8. Qd2 0-0 9. 0-0-0 d5 10. exd5 Nxd5 11. Nxc6 bxc6 12. Bd4 Bxd4 13. Qxd4 Qc7 14. Nxd5 cxd5 15. Bd3 Rb8 16. Rde1 Rd8 0-1

[Event "LSS No Engine Cup 24 Preliminary 2"]
[Site "LSS email"]
[Date "2010.06.23"]
[Round "?"]
[White "Chester, Ian"]
[Black "Kis Kos, Laszlo"]
[Result "1-0"]
[WhiteElo "1294"]
[BlackElo "1241"]
[PlyCount "33"]
[EventDate "2010.06.24"]
[EventType "tourn (corr)"]
[EventRounds "6"]
[EventCountry "GER"]
[SourceTitle "Corr 2013"]
[Source "ChessBase"]
[SourceDate "2012.11.12"]
[SourceVersion "1"]
[SourceVersionDate "2012.11.12"]
[SourceQuality "1"]

1. e4 e5 2. Nf3 Nc6 3. Bb5 a6 4. Ba4 Nf6 5. 0-0 Nxe4 6. d4 b5 7. Bb3 d5 8. dxe5 Be6 9. Be3 Be7 10. c3 0-0 11. Nbd2 Qd7 12. Bc2 f5 13. exf6 Nxf6 14. Re1 Bf5 15. Nd4 Nxd4 16. cxd4 Rae8 17. f3 1-0

[Event "LSS No Engine Cup 24 Preliminary 2"]
[Site "LSS email"]
[Date "2010.06.23"]
[Round "?"]
[White "Kis Kos, Laszlo"]
[Black "Bilsel, Sabahaddin"]
[Result "0-1"]
[WhiteElo "1241"]
[BlackElo "1897"]
[PlyCount "36"]
[EventDate "2010.06.24"]
[EventType "tourn (corr)"]
[EventRounds "6"]
[EventCountry "GER"]
[SourceTitle "Telechess CBM 143"]
[Source "ChessBase"]
[SourceDate "2011.07.15"]
[SourceVersion "1"]
[SourceVersionDate "2011.07.15"]
[SourceQuality "1"]

1. e4 c5 2. Nf3 e6 3. d4 cxd4 4. Nxd4 Nf6 5. Nc3 d6 6. g4 h6 7. Rg1 Nc6 8. h4 d5 9. Bb5 Bd7 10. exd5 Nxd5 11. Nxd5 exd5 12. Be3 Qxh4 13. Qe2 Nxd4 14. Bxd4+ Qe7 15. Bxd7+ Kxd7 16. Qxe7+ Kxe7 17. 0-0-0 b6 18. Rge1+ Kd6 0-1

[Event "LSS No Engine Cup 24 Preliminary 2"]
[Site "LSS email"]
[Date "2010.06.23"]
[Round "?"]
[White "Kis Kos, Laszlo"]
[Black "Ruzicka, Richard"]
[Result "0-1"]
[WhiteElo "1241"]
[BlackElo "1532"]
[PlyCount "32"]
[EventDate "2010.06.24"]
[EventType "tourn (corr)"]
[EventRounds "6"]
[EventCountry "GER"]
[SourceTitle "Corr 2013"]
[Source "ChessBase"]
[SourceDate "2012.11.12"]
[SourceVersion "1"]
[SourceVersionDate "2012.11.12"]
[SourceQuality "1"]

1. e4 e5 2. Nf3 Nc6 3. Bc4 Nf6 4. Ng5 d5 5. exd5 Na5 6. Bb5+ c6 7. dxc6 bxc6 8. Qf3 Rb8 9. Bd3 h6 10. Ne4 Nd5 11. 0-0 g6 12. Nbc3 Be7 13. Re1 0-0 14. Ng3 Bf6 15. b3 Bg7 16. Ba3 Re8 0-1

[Event "LSS No Engine Cup 23 Preliminary 1"]
[Site "LSS email"]
[Date "2010.06.04"]
[Round "?"]
[White "Kis Kos, Laszlo"]
[Black "Neumann, Ulrich"]
[Result "0-1"]
[WhiteElo "1241"]
[BlackElo "1535"]
[PlyCount "30"]
[EventDate "2010.06.05"]
[EventType "tourn (corr)"]
[EventRounds "6"]
[EventCountry "GER"]
[SourceTitle "Corr 2013"]
[Source "ChessBase"]
[SourceDate "2012.11.12"]
[SourceVersion "1"]
[SourceVersionDate "2012.11.12"]
[SourceQuality "1"]

1. e4 d6 2. d4 Nf6 3. Nc3 g6 4. Nf3 Bg7 5. Be2 0-0 6. 0-0 c6 7. Re1 Qc7 8. Bf4 Nbd7 9. e5 Nh5 10. exd6 exd6 11. Be3 Nb6 12. Qd2 Bg4 13. h3 Bxf3 14. Bxf3 Nc4 15. Qe2 Nxe3 0-1

[Event "LSS No Engine Cup 23 Preliminary 1"]
[Site "LSS email"]
[Date "2010.06.04"]
[Round "?"]
[White "Zwaneveld, Ansel"]
[Black "Kis Kos, Laszlo"]
[Result "0-1"]
[WhiteElo "1557"]
[BlackElo "1600"]
[PlyCount "40"]
[EventDate "2010.06.05"]
[EventType "tourn (corr)"]
[EventRounds "6"]
[EventCountry "GER"]
[SourceTitle "Corr 2022"]
[Source "ChessBase"]
[SourceDate "2021.10.24"]
[SourceVersion "1"]
[SourceVersionDate "2021.10.24"]
[SourceQuality "1"]

1. g3 d5 2. Bg2 e5 3. Nf3 Nc6 4. c3 Nf6 5. 0-0 Bd6 6. d3 0-0 7. Bg5 h6 8. Bxf6 Qxf6 9. Nbd2 Be6 10. Qc2 a5 11. e4 d4 12. c4 Nb4 13. Qb1 a4 14. a3 Na6 15. b4 axb3 16. Nxb3 Rfb8 17. a4 Bb4 18. Qc2 Bc3 19. Ra3 Bg4 20. Nfd2 Nb4 0-1

[Event "LSS SC-2010-0-00058"]
[Site "LSS email"]
[Date "2010.05.02"]
[Round "?"]
[White "Kis Kos, Laszlo"]
[Black "Petersen, Hans"]
[Result "0-1"]
[WhiteElo "1241"]
[BlackElo "1698"]
[PlyCount "60"]
[EventDate "2010.03.14"]
[EventType "tourn (corr)"]
[EventRounds "6"]
[EventCountry "GER"]
[SourceTitle "Telechess CBM 141"]
[Source "ChessBase"]
[SourceDate "2011.03.17"]
[SourceVersion "1"]
[SourceVersionDate "2011.03.17"]
[SourceQuality "1"]

1. e4 e5 2. Nf3 Nc6 3. Bb5 a6 4. Ba4 Nf6 5. 0-0 Be7 6. Re1 b5 7. Bb3 0-0 8. c3 d6 9. h3 Bb7 10. d4 Re8 11. Nbd2 Bf8 12. a4 h6 13. Bc2 exd4 14. cxd4 Nb4 15. Bb1 c5 16. d5 Nd7 17. Ra3 c4 18. Nd4 Qf6 19. N2f3 Nc5 20. axb5 axb5 21. Rxa8 Rxa8 22. Nxb5 Nbd3 23. Rf1 Bc8 24. Bxd3 Nxd3 25. Qc2 Bxh3 26. Qxc4 Bxg2 27. Kxg2 Qxf3+ 28. Kxf3 Ne5+ 29. Kg3 Nxc4 30. b3 Na5 0-1

[Event "LSS SC-2010-0-00058"]
[Site "LSS email"]
[Date "2010.05.02"]
[Round "?"]
[White "Morcin, Tom"]
[Black "Kis Kos, Laszlo"]
[Result "1-0"]
[WhiteElo "1767"]
[BlackElo "1241"]
[PlyCount "55"]
[EventDate "2010.03.14"]
[EventType "tourn (corr)"]
[EventRounds "6"]
[EventCountry "GER"]
[SourceTitle "Telechess CBM 141"]
[Source "ChessBase"]
[SourceDate "2011.03.17"]
[SourceVersion "1"]
[SourceVersionDate "2011.03.17"]
[SourceQuality "1"]

1. e4 e5 2. Nf3 Nc6 3. Bb5 a6 4. Ba4 Nf6 5. 0-0 Nxe4 6. d4 b5 7. Bb3 d5 8. dxe5 Be6 9. c3 Bc5 10. Nbd2 0-0 11. Bc2 Bf5 12. Nb3 Bg4 13. Nxc5 Nxc5 14. Re1 Re8 15. Bf4 Bh5 16. Qd2 Bxf3 17. gxf3 Ne6 18. Bg3 h5 19. h4 Ne7 20. a4 Qd7 21. f4 g6 22. Kh2 Nc5 23. axb5 axb5 24. Rxa8 Rxa8 25. f5 Ra2 26. e6 fxe6 27. f6 Nf5 28. Bxf5 1-0

[Event "LSS SC-2010-0-00058"]
[Site "LSS email"]
[Date "2010.05.02"]
[Round "?"]
[White "Pons, Francisco"]
[Black "Kis Kos, Laszlo"]
[Result "1-0"]
[WhiteElo "1613"]
[BlackElo "1241"]
[PlyCount "45"]
[EventDate "2010.03.14"]
[EventType "tourn (corr)"]
[EventRounds "6"]
[EventCountry "GER"]
[SourceTitle "Telechess CBM 141"]
[Source "ChessBase"]
[SourceDate "2011.03.17"]
[SourceVersion "1"]
[SourceVersionDate "2011.03.17"]
[SourceQuality "1"]

1. e4 e5 2. Nf3 Nc6 3. d4 exd4 4. Nxd4 Bc5 5. Be3 Qf6 6. c3 Nge7 7. Bc4 Ne5 8. Be2 Qg6 9. 0-0 d6 10. f4 Ng4 11. Bc1 h5 12. h3 Nf6 13. f5 Qg3 14. Bf4 Qh4 15. Nd2 Bd7 16. Be3 0-0 17. Rf4 Qg5 18. Nf1 Qh6 19. Rh4 Qh8 20. Ng3 g6 21. Bxh5 Rfe8 22. Qf3 Rad8 23. fxg6 1-0

[Event "OP-2010-0-01145"]
[Site "LSS email"]
[Date "2010.05.01"]
[Round "?"]
[White "Kis Kos, Laszlo"]
[Black "Bester, Kazimierz"]
[Result "1-0"]
[WhiteElo "1679"]
[BlackElo "767"]
[PlyCount "61"]
[EventDate "2010.04.20"]
[EventType "tourn (corr)"]
[EventRounds "4"]
[EventCountry "GER"]
[SourceTitle "Telechess CBM 141"]
[Source "ChessBase"]
[SourceDate "2011.03.17"]
[SourceVersion "1"]
[SourceVersionDate "2011.03.17"]
[SourceQuality "1"]

1. e4 d6 2. d4 Nf6 3. Nc3 Nbd7 4. Nf3 e6 5. Bd3 c6 6. 0-0 d5 7. e5 Ng8 8. Bg5 Be7 9. Be3 b6 10. Nd2 c5 11. Qg4 g6 12. Nb5 c4 13. Be2 Ba6 14. a4 Bc8 15. Qf3 f5 16. Nxc4 dxc4 17. Qxa8 Bb4 18. Nxa7 Ne7 19. c3 Ba5 20. Nxc8 Qxc8 21. Qxc8+ Nxc8 22. Bxc4 b5 23. Bxb5 Ncb6 24. b4 Nd5 25. bxa5 Nxc3 26. Rfc1 0-0 27. Rxc3 Nb8 28. a6 Rf7 29. Bh6 Ra7 30. Rc8+ Kf7 31. Be8+ 1-0

[Event "OP-2010-0-01145"]
[Site "LSS email"]
[Date "2010.05.01"]
[Round "?"]
[White "Kis Kos, Laszlo"]
[Black "Pons, Francisco"]
[Result "0-1"]
[WhiteElo "1573"]
[BlackElo "1611"]
[PlyCount "62"]
[EventDate "2010.04.20"]
[EventType "tourn (corr)"]
[EventRounds "4"]
[EventCountry "GER"]
[SourceTitle "Telechess CBM 141"]
[Source "ChessBase"]
[SourceDate "2011.03.17"]
[SourceVersion "1"]
[SourceVersionDate "2011.03.17"]
[SourceQuality "1"]

1. e4 c5 2. Nf3 Nc6 3. d4 cxd4 4. Nxd4 g6 5. Nc3 Bg7 6. Be3 Nf6 7. f3 0-0 8. Qd2 d5 9. 0-0-0 dxe4 10. fxe4 Qc7 11. Be2 Rd8 12. Ncb5 Qd7 13. Nxc6 bxc6 14. Qa5 Nd5 15. Nc3 Bb7 16. exd5 cxd5 17. Na4 Qe6 18. Rd3 d4 19. Nc5 Qf5 20. Rf1 Qe5 21. Nxb7 Qxa5 22. Nxa5 dxe3 23. Rfd1 Rxd3 24. Rxd3 f5 25. Nc6 Kf7 26. b4 Rc8 27. Nxa7 Ra8 28. Nc6 Rxa2 29. Rxe3 Bh6 30. Bc4+ Kf6 31. Bxa2 Bxe3+ 0-1

[Event "LSS BI-2010-P-00029"]
[Site "LSS email"]
[Date "2010.04.19"]
[Round "?"]
[White "Kis Kos, Laszlo"]
[Black "Ermolaev, Andrey Stanislavovi"]
[Result "0-1"]
[WhiteElo "1241"]
[BlackElo "2395"]
[PlyCount "48"]
[EventDate "2010.04.22"]
[EventType "tourn (corr)"]
[EventRounds "10"]
[EventCountry "GER"]
[SourceTitle "Telechess CBM 141"]
[Source "ChessBase"]
[SourceDate "2011.03.17"]
[SourceVersion "1"]
[SourceVersionDate "2011.03.17"]
[SourceQuality "1"]

1. e4 c5 2. Nf3 d6 3. d4 cxd4 4. Nxd4 Nf6 5. Nc3 a6 6. Be3 e6 7. f3 h5 8. a4 Nc6 9. Be2 d5 10. exd5 exd5 11. 0-0 Bd6 12. Qd2 0-0 13. f4 Re8 14. Bf3 Bc5 15. Bf2 Ne4 16. Nxc6 Nxf2 17. b4 Bb6 18. a5 Ne4+ 19. axb6 Qxb6+ 20. Qd4 Qxd4+ 21. Nxd4 Nxc3 22. Bxh5 Bd7 23. Bf3 Rac8 24. Rfe1 Rc4 0-1

[Event "LSS BI-2010-P-00029"]
[Site "LSS email"]
[Date "2010.04.19"]
[Round "?"]
[White "Wolff, Christoph"]
[Black "Kis Kos, Laszlo"]
[Result "1-0"]
[WhiteElo "2101"]
[BlackElo "1241"]
[PlyCount "39"]
[EventDate "2010.04.22"]
[EventType "tourn (corr)"]
[EventRounds "10"]
[EventCountry "GER"]
[SourceTitle "Telechess CBM 141"]
[Source "ChessBase"]
[SourceDate "2011.03.17"]
[SourceVersion "1"]
[SourceVersionDate "2011.03.17"]
[SourceQuality "1"]

1. e4 e5 2. Nf3 Nc6 3. d4 exd4 4. Nxd4 Bc5 5. Nxc6 Qf6 6. Qd2 dxc6 7. Nc3 Bd4 8. Bd3 Ne7 9. 0-0 Ng6 10. Kh1 Ne5 11. Be2 Ng4 12. Nd1 0-0 13. h3 Rd8 14. Bxg4 Bxg4 15. hxg4 Qh4+ 16. Kg1 Bxb2 17. Nxb2 Rxd2 18. Bxd2 Qxg4 19. f3 Qe6 20. Bf4 1-0

[Event "LSS No Engine Cup 18 Preliminary 7"]
[Site "LSS email"]
[Date "2010.03.05"]
[Round "?"]
[White "Kis Kos, Laszlo"]
[Black "Fair, Martin"]
[Result "0-1"]
[WhiteElo "1687"]
[BlackElo "1327"]
[PlyCount "96"]
[EventDate "2010.03.06"]
[EventType "tourn (corr)"]
[EventRounds "6"]
[EventCountry "GER"]
[SourceTitle "Telechess CBM 141"]
[Source "ChessBase"]
[SourceDate "2011.03.17"]
[SourceVersion "1"]
[SourceVersionDate "2011.03.17"]
[SourceQuality "1"]

1. e4 e5 2. Nf3 Nc6 3. Bb5 a6 4. Ba4 Nf6 5. 0-0 Be7 6. Re1 b5 7. Bb3 d6 8. c3 0-0 9. h3 Na5 10. Bc2 c5 11. d4 Qc7 12. Nbd2 cxd4 13. cxd4 Bb7 14. Nf1 Rac8 15. Re2 d5 16. dxe5 Nxe4 17. Ng3 Nxg3 18. fxg3 g6 19. Bh6 Rfd8 20. Nd4 Bc5 21. Kh1 Nc4 22. b3 Nxe5 23. Bf4 Re8 24. Qd2 f6 25. Rae1 Ba3 26. Nf3 Bb2 27. Rd1 Nxf3 28. Rxe8+ Rxe8 29. gxf3 Be5 30. Re1 Qd7 31. Kg2 Bc8 32. Rh1 Bxf4 33. gxf4 d4 34. Be4 f5 35. Bd3 Qe6 36. Rd1 Bb7 37. Qf2 Qd6 38. Be2 Qxf4 39. Rxd4 Qg5+ 40. Kf1 f4 41. Rd7 Bc8 42. h4 Qg3 43. Rc7 Bf5 44. a4 Re3 45. axb5 axb5 46. Rb7 Qh3+ 47. Kg1 Bd3 48. Rb8+ Kg7 0-1

[Event "LSS SC-2010-0-00053"]
[Site "LSS email"]
[Date "2010.03.05"]
[Round "?"]
[White "Langer, Raimund"]
[Black "Kis Kos, Laszlo"]
[Result "1/2-1/2"]
[WhiteElo "2297"]
[BlackElo "1724"]
[PlyCount "71"]
[EventDate "2010.01.02"]
[EventType "tourn (corr)"]
[EventRounds "6"]
[EventCountry "GER"]
[SourceTitle "Corr 2022"]
[Source "ChessBase"]
[SourceDate "2021.10.24"]
[SourceVersion "1"]
[SourceVersionDate "2021.10.24"]
[SourceQuality "1"]

1. e4 c5 2. Nf3 d6 3. d4 cxd4 4. Nxd4 Nf6 5. Nc3 a6 6. Bg5 e6 7. f4 Qb6 8. Qd2 Qxb2 9. Rb1 Qa3 10. f5 Nc6 11. fxe6 fxe6 12. Nxc6 bxc6 13. Be2 Be7 14. 0-0 0-0 15. Rb3 Qc5+ 16. Be3 Qe5 17. Bf4 Qc5+ 18. Kh1 Ng4 19. h3 e5 20. Na4 Qa7 21. Bc4+ Kh8 22. hxg4 exf4 23. Nb6 d5 24. exd5 cxd5 25. Bxd5 Rb8 26. Nxc8 Rbxc8 27. Rh3 Qb6 28. Re1 Qd8 29. Re5 h6 30. c4 Rb8 31. Qc2 Bc5 32. g5 Qb6 33. Rb3 Qd8 34. Rh3 Qb6 35. Rb3 Qd8 36. Rh3 1/2-1/2

[Event "LSS No Engine Cup 18 Preliminary 7"]
[Site "LSS email"]
[Date "2010.03.05"]
[Round "?"]
[White "Nucci, Luciano"]
[Black "Kis Kos, Laszlo"]
[Result "1-0"]
[WhiteElo "1980"]
[BlackElo "1706"]
[PlyCount "77"]
[EventDate "2010.03.06"]
[EventType "tourn (corr)"]
[EventRounds "6"]
[EventCountry "GER"]
[SourceTitle "Telechess CBM 141"]
[Source "ChessBase"]
[SourceDate "2011.03.17"]
[SourceVersion "1"]
[SourceVersionDate "2011.03.17"]
[SourceQuality "1"]

1. d4 Nf6 2. Nf3 d5 3. e3 e6 4. c4 Bb4+ 5. Nc3 0-0 6. Bd3 dxc4 7. Bxc4 c5 8. 0-0 Nc6 9. a3 Ba5 10. Qd3 a6 11. Ne4 b5 12. Nxf6+ Qxf6 13. Qe4 Bb7 14. Bd3 g6 15. dxc5 Rfd8 16. Be2 Nd4 17. Qxb7 Nxe2+ 18. Kh1 Nxc1 19. Raxc1 Qxb2 20. Ng5 Qg7 21. Kg1 h6 22. Nf3 f5 23. Qc6 Qd7 24. Ne5 Qd5 25. Nxg6 Kf7 26. Qxd5 Rxd5 27. Nf4 Rd2 28. Rfd1 Rad8 29. Rxd2 Rxd2 30. Kf1 e5 31. Ne2 Ke7 32. Ng3 Ke6 33. e4 fxe4 34. c6 e3 35. fxe3 Rd8 36. Ke2 Rd2+ 37. Kf3 Kd6 38. c7 Bxc7 39. Ne4+ 1-0

[Event "LSS No Engine Cup 18 Preliminary 7"]
[Site "LSS email"]
[Date "2010.03.05"]
[Round "?"]
[White "Nyeste, Gyula"]
[Black "Kis Kos, Laszlo"]
[Result "0-1"]
[WhiteElo "796"]
[BlackElo "1691"]
[PlyCount "72"]
[EventDate "2010.03.06"]
[EventType "tourn (corr)"]
[EventRounds "6"]
[EventCountry "GER"]
[SourceTitle "Corr 2013"]
[Source "ChessBase"]
[SourceDate "2012.11.12"]
[SourceVersion "1"]
[SourceVersionDate "2012.11.12"]
[SourceQuality "1"]

1. d4 Nf6 2. c4 g6 3. Nc3 d5 4. cxd5 Nxd5 5. e4 Nxc3 6. bxc3 Bg7 7. Bc4 0-0 8. Ne2 c5 9. Be3 Nc6 10. d5 Ne5 11. Bb3 c4 12. Bc2 Ng4 13. Bd2 Ne5 14. 0-0 e6 15. Nf4 exd5 16. Nxd5 Be6 17. Nf4 Nd3 18. Qe2 Nxf4 19. Bxf4 Bxc3 20. Rab1 Qe7 21. Rfd1 Rfd8 22. Rf1 Bg7 23. e5 Bd5 24. Qe3 Qe6 25. a4 Qc6 26. f3 f6 27. exf6 Bxf6 28. Kh1 Re8 29. Qd2 c3 30. Qd1 Rad8 31. Bb3 Bc4 32. Bxc4+ Qxc4 33. Qb3 Qxb3 34. Rxb3 c2 35. Rxb7 Rd1 36. Kg1 Bd4+ 0-1

[Event "LSS SC-2010-0-00053"]
[Site "LSS email"]
[Date "2010.03.04"]
[Round "?"]
[White "Kis Kos, Laszlo"]
[Black "Endean, Andrew"]
[Result "1/2-1/2"]
[WhiteElo "1724"]
[BlackElo "1727"]
[PlyCount "52"]
[EventDate "2010.01.02"]
[EventType "tourn (corr)"]
[EventRounds "6"]
[EventCountry "GER"]
[SourceTitle "Corr 2022"]
[Source "ChessBase"]
[SourceDate "2021.10.24"]
[SourceVersion "1"]
[SourceVersionDate "2021.10.24"]
[SourceQuality "1"]

1. e4 e5 2. Nf3 Nf6 3. Nxe5 d6 4. Nf3 Nxe4 5. d4 d5 6. Bd3 Be7 7. 0-0 Nc6 8. c4 Nb4 9. Be2 0-0 10. Nc3 Be6 11. Ne5 c5 12. Nxe4 dxe4 13. d5 Qc7 14. Bf4 Bd6 15. a3 Nc6 16. dxc6 bxc6 17. Qd2 Bxe5 18. Bxe5 Qxe5 19. Rad1 Rab8 20. b4 Rfe8 21. Rfe1 cxb4 22. axb4 h6 23. b5 cxb5 24. cxb5 f5 25. Qe3 Re7 26. f3 Bf7 1/2-1/2

[Event "LSS SC-2010-0-00053"]
[Site "LSS email"]
[Date "2010.03.02"]
[Round "?"]
[White "Kis Kos, Laszlo"]
[Black "Neumann, Ulrich"]
[Result "1/2-1/2"]
[WhiteElo "1724"]
[BlackElo "2209"]
[PlyCount "36"]
[EventDate "2010.01.02"]
[EventType "tourn (corr)"]
[EventRounds "6"]
[EventCountry "GER"]
[SourceTitle "Corr 2022"]
[Source "ChessBase"]
[SourceDate "2021.10.24"]
[SourceVersion "1"]
[SourceVersionDate "2021.10.24"]
[SourceQuality "1"]

1. e4 d6 2. d4 Nf6 3. Nc3 g6 4. f4 Bg7 5. Nf3 0-0 6. Bd3 Nc6 7. e5 dxe5 8. fxe5 Nh5 9. Be3 Bg4 10. Be2 f6 11. exf6 exf6 12. 0-0 Re8 13. Qd2 a6 14. Rae1 Qd6 15. h3 Bxf3 16. Bxf3 Ng3 17. Rf2 Kh8 18. d5 Ne5 1/2-1/2

[Event "LSS RC-2009-0-00038"]
[Site "LSS email"]
[Date "2010.02.22"]
[Round "?"]
[White "Kis Kos, Laszlo"]
[Black "Pagano, Marcelo Rafael"]
[Result "0-1"]
[WhiteElo "1241"]
[BlackElo "1559"]
[PlyCount "130"]
[EventDate "2009.12.19"]
[EventType "tourn (corr)"]
[EventRounds "6"]
[EventCountry "GER"]
[SourceTitle "Corr 2013"]
[Source "ChessBase"]
[SourceDate "2012.11.12"]
[SourceVersion "1"]
[SourceVersionDate "2012.11.12"]
[SourceQuality "1"]

1. e4 e5 2. Nf3 Nc6 3. Bb5 a6 4. Ba4 Nf6 5. 0-0 Be7 6. Re1 b5 7. Bb3 d6 8. c3 0-0 9. h3 Na5 10. Bc2 d5 11. d4 dxe4 12. Nxe5 c5 13. Be3 Bb7 14. Nd2 Qc7 15. Bf4 cxd4 16. Nxe4 Nd5 17. Bg3 f5 18. Ng6 Qc6 19. Nxf8 Rxf8 20. Qxd4 Nc4 21. b3 Na3 22. Rac1 Nxc2 23. Rxc2 fxe4 24. Qxe4 Bf6 25. c4 Nb4 26. Qxc6 Bxc6 27. Rce2 Rc8 28. cxb5 Bxb5 29. Rd2 Bc3 30. Rc1 Nd3 31. Rxd3 Bxd3 32. Be5 Bxe5 33. Rxc8+ Kf7 34. f3 g5 35. Kf2 h5 36. Ke3 Bf1 37. Ke4 Bd6 38. Rc2 Ke6 39. Rd2 Bb5 40. Kd4 Be5+ 41. Ke4 Bc6+ 42. Kd3 h4 43. Kc4 Bb5+ 44. Kc5 Bf4 45. Rd1 Be3+ 46. Kb4 Be2 47. Rb1 Bd2+ 48. Kc5 Ke5 49. a3 Be3+ 50. Kc6 Kd4 51. b4 Bd2 52. Kd7 Kc3 53. a4 Kc2 54. Ra1 Kb2 55. Rh1 Bxb4 56. Ke6 Kb3 57. Ra1 Bc3 58. Rc1 a5 59. Kd5 Bc4+ 60. Kc5 Bf7 61. Rf1 Kxa4 62. f4 Kb3 63. Rb1+ Bb2 64. Rd1 a4 65. Rd3+ Bc3 0-1

[Event "LSS WC-2014-P-00010"]
[Site "LSS email"]
[Date "2010.02.18"]
[Round "?"]
[White "Hardy, David G"]
[Black "Kis Kos, Laszlo"]
[Result "1-0"]
[WhiteElo "2034"]
[BlackElo "1241"]
[PlyCount "81"]
[EventDate "2010.02.24"]
[EventType "tourn (corr)"]
[EventRounds "6"]
[EventCountry "GER"]
[SourceTitle "Telechess CBM 141"]
[Source "ChessBase"]
[SourceDate "2011.03.17"]
[SourceVersion "1"]
[SourceVersionDate "2011.03.17"]
[SourceQuality "1"]

1. e4 c5 2. Nf3 d6 3. d4 cxd4 4. Nxd4 Nf6 5. Nc3 a6 6. Bc4 e6 7. 0-0 b5 8. Bb3 Be7 9. Qf3 Qc7 10. Qg3 0-0 11. Bh6 Ne8 12. Rad1 Bd7 13. a3 Nc6 14. Be3 Nxd4 15. Bxd4 Bc6 16. e5 dxe5 17. Bxe5 Qb7 18. Ne2 Nf6 19. Nd4 Rfd8 20. f4 Be4 21. c3 Rdc8 22. f5 Nh5 23. Qg4 Rc5 24. Bxg7 Nxg7 25. f6 Bg6 26. fxe7 Qxe7 27. Qg3 Rac8 28. Rd2 Rg5 29. Qf2 Nh5 30. Re1 Re8 31. h4 Rc5 32. g4 Nf6 33. Rde2 Nxg4 34. Qg3 Kh8 35. Qxg4 Bh5 36. Qf4 Bxe2 37. Rxe2 Rh5 38. Nf3 Qc5+ 39. Qd4+ Qxd4+ 40. cxd4 Rd8 41. Kf2 1-0

[Event "LSS RB-2009-0-00076"]
[Site "LSS email"]
[Date "2010.01.26"]
[Round "?"]
[White "Kis Kos, Laszlo"]
[Black "Peterka, Jiri"]
[Result "0-1"]
[WhiteElo "1715"]
[BlackElo "1993"]
[PlyCount "52"]
[EventDate "2009.12.15"]
[EventType "tourn (corr)"]
[EventRounds "6"]
[EventCountry "GER"]
[SourceTitle "Corr 2013"]
[Source "ChessBase"]
[SourceDate "2012.11.12"]
[SourceVersion "1"]
[SourceVersionDate "2012.11.12"]
[SourceQuality "1"]

1. e4 e6 2. d4 d5 3. Nc3 Nf6 4. Bg5 Be7 5. e5 Nfd7 6. Bxe7 Qxe7 7. f4 0-0 8. Nf3 c5 9. dxc5 Nc6 10. Qd2 Nxc5 11. 0-0-0 a6 12. Kb1 b5 13. Bd3 b4 14. Ne2 a5 15. Ned4 Nxd4 16. Nxd4 Ba6 17. Rhe1 Rfc8 18. Bxa6 Rxa6 19. f5 Ne4 20. Qe2 Rb6 21. Qf3 Nc3+ 22. Ka1 Nxd1 23. f6 gxf6 24. exf6 Qf8 25. Rxd1 Qh6 26. Qf2 Rb7 0-1

[Event "LSS SC-2009-0-00050"]
[Site "LSS email"]
[Date "2010.01.07"]
[Round "?"]
[White "Kis Kos, Laszlo"]
[Black "Edwards, K E D G"]
[Result "0-1"]
[WhiteElo "1241"]
[BlackElo "1799"]
[PlyCount "70"]
[EventDate "2009.11.21"]
[EventType "tourn (corr)"]
[EventRounds "6"]
[EventCountry "GER"]
[SourceTitle "Corr 2024"]
[Source "ChessBase"]
[SourceDate "2023.10.19"]
[SourceVersion "1"]
[SourceVersionDate "2023.10.19"]
[SourceQuality "1"]

1. e4 c5 2. Nf3 Nc6 3. d4 cxd4 4. Nxd4 e5 5. Nb5 a6 6. Nd6+ Bxd6 7. Qxd6 Qf6 8. Qd1 Qg6 9. Nc3 Nge7 10. h4 h5 11. Bg5 d5 12. exd5 Nb4 13. Bxe7 Kxe7 14. Bd3 Nxd3+ 15. Qxd3 Qxd3 16. cxd3 b5 17. 0-0 Bf5 18. f4 Bxd3 19. Rfe1 b4 20. Rxe5+ Kd6 21. Nd1 Rae8 22. Nf2 Bc2 23. Rc1 Rc8 24. Rce1 g6 25. Re7 Rhf8 26. Ra7 Ra8 27. Ree7 Rxa7 28. Rxa7 Kxd5 29. Rxa6 Kd4 30. Nh3 b3 31. a3 Rd8 32. Ng5 Ke3 33. Nxf7 Rd1+ 34. Kh2 Kd2 35. a4 Kc1 0-1